Obrázkový Šlabikár a Prvá Čítanka pre školy evanjelické a.v.

Bibliographic Details
Main Author: Bežo, Ján, 1842-1905 (Author, Printer)
Format: Book
Language:Slovak
PhysicalDescription:62 s. ilustr. 19 cm
Published: V Senici Tlačou Jána Bežu a spol. 1893
Edition:Ôsme vydanie
Subjects:

MARC

LEADER 00000cam a2200000 a 4500
001 vtls001354406
003 SK-MaSNL
005 20260302000154.0
008 240226s1893 xo a 000 m slo
015 |a SNBHFA 
035 |a SNK000307847 
035 |a urn:nbn:sk:snk-am3iqbg 
035 |a 9637E447-9755-4C6D-A0CF-AB87CB5EADB7 
035 |a urn:nbn:sk:snk-am00fdv0 
040 |a SNK  |b slo  |c SNK  |e AACR2 
041 0 |a slo 
044 |a xo  |c SK 
072 7 |a 811.162.4  |x Slovenčina  |2 konspekt 
080 |a 811.162.4  |2 2011 
080 |a (075.2)  |2 2011 
100 1 |a Bežo, Ján,  |d 1842-1905  |4 aut  |4 pbl  |4 prt  |9 115367 
245 1 0 |a Obrázkový Šlabikár a Prvá Čítanka pre školy evanjelické a.v.  |c Sostavil a vydal Ján Bežo 
250 |a Ôsme vydanie 
260 |a V Senici  |b Tlačou Jána Bežu a spol.  |c 1893 
300 |a 62 s.  |b ilustr.  |c 19 cm 
500 |a Ilustrovaná titulná strana. Ilustrácie v texte. Zložky 
650 0 7 |a slovenčina  |2 SNKPH  |9 1350 
655 7 |a čítanky  |2 SNKPH  |9 60817 
655 7 |a šlabikáre  |2 SNKPH  |9 70665 
752 |a Slovensko  |d Senica 
958 |a ONDV 
958 |a DF 
999 |c 978366  |d 980296 
952 |a SNK  |b SNK  |y PREZ  |7 0  |p 17A0179214  |o snkSD 69865  |i snkK 310/99  |8 3  |0 0  |1 0  |4 0  |d 1999-02-04  |f 1  |l 0  |r 2005-01-02 00:00:00  |w 2026-02-24